000 00361 a2200157 4500
001 149337
040 _cEscola São Tomás de Aquino
100 _aMACHADO, Ana Maria
240 1 0 _aBisa Bia, bisa Bel
_lpor
245 1 0 _aBisa Bia, bisa Bel
300 _a80
362 0 _a2007
440 1 _aSalamandra
697 _a*LITERATURA INFANTO JUVENIL
942 _cBK
999 _c149337
_d149337